Como se proyecta una vivienda / (Registro nro. 3599)
[ vista simple ]
| 000 -LEADER | |
|---|---|
| fixed length control field | 00897nam a2200253Ia 4500 |
| 003 - CONTROL NUMBER IDENTIFIER | |
| control field | PE SENCICO BE |
| 005 - DATE AND TIME OF LATEST TRANSACTION | |
| control field | 20260304172425.0 |
| 008 - FIXED-LENGTH DATA ELEMENTS--GENERAL INFORMATION | |
| fixed length control field | 200515s9999 xx 000 0 und d |
| 020 ## - INTERNATIONAL STANDARD BOOK NUMBER | |
| International Standard Book Number | 84-629-2923-9 |
| 040 ## - CATALOGING SOURCE | |
| Transcribing agency | PE SENCICO BE |
| Original cataloging agency | PE SENCICO BE |
| 041 ## - LANGUAGE CODE | |
| Language code of text/sound track or separate title | spa |
| 082 ## - DEWEY DECIMAL CLASSIFICATION NUMBER | |
| Classification number | 728 |
| Item number | U36 1979 |
| 100 1# - MAIN ENTRY--PERSONAL NAME | |
| Personal name | Ulsamer Puiggari, Federico |
| 9 (RLIN) | 218 |
| Relator term | autor |
| 245 10 - TITLE STATEMENT | |
| Title | Como se proyecta una vivienda / |
| Statement of responsibility, etc. | Federico Ulsamer Puiggari |
| 250 ## - EDITION STATEMENT | |
| Edition statement | 22a ed. |
| 260 ## - PUBLICATION, DISTRIBUTION, ETC. | |
| Place of publication, distribution, etc. | Barcelona : |
| Name of publisher, distributor, etc. | Ediciones CEAC ; |
| Date of publication, distribution, etc. | 1979 |
| 300 ## - PHYSICAL DESCRIPTION | |
| Extent | 194 páginas : |
| Other physical details | ilustraciones, cuadros, diagramas ; |
| Dimensions | 20.5 cm. |
| 505 0# - FORMATTED CONTENTS NOTE | |
| Formatted contents note | Orientación e iluminación -- Calefacción |
| 520 3# - SUMMARY, ETC. | |
| Summary, etc. | Describe la finalidad de transmitir ideas para un proyecto aceptable |
| 650 10 - SUBJECT ADDED ENTRY--TOPICAL TERM | |
| Topical term or geographic name entry element | Construcción de viviendas |
| 9 (RLIN) | 474 |
| 650 20 - SUBJECT ADDED ENTRY--TOPICAL TERM | |
| Topical term or geographic name entry element | Viviendas unifamiliares |
| 9 (RLIN) | 407 |
| 650 20 - SUBJECT ADDED ENTRY--TOPICAL TERM | |
| Topical term or geographic name entry element | Distribución de espacios (viviendas) |
| 9 (RLIN) | 395 |
| 942 ## - ADDED ENTRY ELEMENTS (KOHA) | |
| Koha item type | Libros |
| Source of classification or shelving scheme | Dewey Decimal Classification |
| Fecha de la última vez que lo usaron | Pago total | Signatura topográfica completa | Código de barras | Tipo de documento | Estado perdido | Sistema de clasificación | Estado dañado | No es para préstamo | Retirado | Ubicación permanente | Ubicación actual |
|---|---|---|---|---|---|---|---|---|---|---|---|
| 15/05/2020 | 728/U36/1979 | BibZpiur26022611 | Libros | Dewey Decimal Classification | Biblioteca Piura | Biblioteca Piura |